Economic and Industrial Democracy International Journal

Na minha lista:
Detalhes bibliográficos
Formato: Periódico
Idioma:inglês
Publicado em: London SAGE Publ.
Assuntos:
Tags: Adicionar Tag
Sem tags, seja o primeiro a adicionar uma tag!

MARC

LEADER 00000nas1a22000001 4500
001 s120407
005 20250701092106.0
022 |a 0143-831X 
022 |a 1461-7099 
041 0 |a eng 
044 |a GB 
245 1 0 |a Economic and Industrial Democracy  |b International Journal 
264 1 |a London  |b SAGE Publ. 
610 2 0 |a ekonómia 
610 2 0 |a demokracia